Sharks 2 - Statistics

General Stats
  • This quiz has been taken 534 times
  • The average score is 9 of 11
Answer Stats
Hint Answer % Correct
Largest Predator Great White Shark
100%
1st Most Common to Attack Humans Great White Shark
100%
Largest Whale Shark
98%
Largest Filter-feeder Whale Shark
98%
3rd Most Common to Attack Humans Bull Shark
97%
2nd Most Common to Attack Humans Tiger Shark
96%
Most Unusual Head Shape Hammerhead Shark
95%
Fastest Shortfin Mako Shark
92%
Longest Tail Thresher Shark
81%
Smallest Dwarf Lanternshark
44%
Most Endangered Ganges Shark
10%
No matching quizzes found
Score Distribution
Percent of People with Each Score
Percentile by Number Answered
Your Score History
You have not taken this quiz